Widok standardowy
Widok MARC
Pozycja Topical Term
Liczba rekordów, w których użyto hasła: 1
001 - Numer kontrolny
- control field: 40483
003 - Identyfikator numeru kontrolnego
- control field: NUKAT
005 - Data i czas ostatniej modyfikacji
- control field: 20260424140513.0
008 - Dane kontrolne kodowane (40 znaków)
- fixed length control field: 041001n||aaznnbabn |a ana |c
010 ## - Numer kontrolny Biblioteki Kongresu
- numer kontrolny LC: s 2004151615
040 ## - Instytucja sporządzająca rekord
- inst. przygot. dane do rek. khw: TOR U/EN
- język haseł przedmiotowych/tezaurus: kaba
- inst. wprow. rek. khw: TOR U/HS
099 ## - Sygnatura lokalna
- sygnatura: s (hh)04HS1019
150 ## - Hasło - nazwa pospolita
- nazwa posp. lub nazwa geogr. na pocz.: Prawo
- określnik geograficzny: Europa Zachodnia
- określnik rzeczowy: historia
- określnik formy: podręczniki akademickie.